3D mapovanie a modelovanie prostredia v reálnom čase

Gespeichert in:
Bibliographische Detailangaben
1. Verfasser: Gašpar, Šimon (Verfasst von)
Weitere Verfasser: Kudlačák, František (Betreuung Doktorarbeit)
Format: Manuskript Buch
Sprache:Slowakisch
Veröffentlicht: 2019
Schlagworte:
Online-Zugang:http://is.stuba.sk/zp/portal_zp.pl?podrobnosti=122797
Tags: Tag hinzufügen
Keine Tags, Fügen Sie das erste Tag hinzu!

MARC

LEADER 00000ntm a22000003a 4500
001 stuzp70231
003 SK-STU
005 20190715141938.2
007 ta
008 150427s2015----xo-----f-mn---000-0-slo-d
040 |a STU  |b slo 
041 0 |a slo 
044 |a xo 
100 1 |a Gašpar, Šimon  |u 070400  |4 aut  |U FIIT Fakulta informatiky a informačných technológií  |T FIIT Ústav počítačového inžinierstva a aplikovanej informatiky  |X 79530  |U I400  |Y 672  |7 79530 
242 0 1 |a 3D mapping and modelling of environment in realtime  |y eng 
245 1 0 |a 3D mapovanie a modelovanie prostredia v reálnom čase 
260 |c 2019 
650 4 |a 3D model  |2 slo 
650 4 |a Hĺbková mapa  |2 slo 
650 4 |a Stereo kamera  |2 slo 
650 4 |a Štruktúra z pohybu  |2 slo 
650 4 |a SFM  |2 slo 
650 4 |a Mračno bodov  |2 slo 
650 4 |a Rekonštrukcia scény  |2 slo 
650 4 |a Mapovanie prostredia  |2 slo 
650 4 |a 3D model  |2 eng 
650 4 |a Depth map  |2 eng 
650 4 |a Stereo camera  |2 eng 
650 4 |a SFM  |2 eng 
650 4 |a Structure from motion  |2 eng 
650 4 |a Point cloud  |2 eng 
650 4 |a 3D reconstruction  |2 eng 
700 1 |a Kudlačák, František  |u 070100  |k Z3  |4 ths  |U FIIT Fakulta informatiky a informačných technológií  |T FIIT Ústav počítačových systémov a sietí  |X 56206  |U I100  |Y 178  |7 A000056206 
856 4 |u http://is.stuba.sk/zp/portal_zp.pl?podrobnosti=122797 
996 |b IZP20180285  |c I*BAP6/19  |l II680  |s P  |a 0  |w stuzp70231_0001